Medang : kumpulan cerpen

Bibliographic Details
Format: Book
Published: Kuala Lumpur : DBP , 1987
Subjects:

MARC

LEADER 00000cam a2200000 7i4500
001 0000007677
002 000008247
005 20020112.0
020 |a T000000642 
090 0 0 |a JF   |b MED 
245 1 0 |a Medang :   |b kumpulan cerpen 
260 |a Kuala Lumpur :   |b DBP ,   |c 1987 
300 |a 118p. :   |b ill ;   |c 18cm. 
650 0 0 |a Short stories 
999 |a 055203   |b BUKU   |c PINJAMAN   |e PERPUSTAKAAN KOMUNITI CAW KOTA DAMANSARA